<?xml version="1.0" encoding="UTF-8"?>
<record
    xmlns:xsi="http://www.w3.org/2001/XMLSchema-instance"
    xsi:schemaLocation="http://www.loc.gov/MARC21/slim http://www.loc.gov/standards/marcxml/schema/MARC21slim.xsd"
    xmlns="http://www.loc.gov/MARC21/slim">

  <leader>01820agaaa2200301   4500</leader>
  <controlfield tag="001">8088</controlfield>
  <controlfield tag="003">IT-RoPAU</controlfield>
  <controlfield tag="005">20220918181253.0</controlfield>
  <controlfield tag="007">d cvaizq</controlfield>
  <controlfield tag="008">50131s9999||||xx ||| |     ||   ||und||</controlfield>
  <datafield tag="040" ind1=" " ind2=" ">
    <subfield code="a">IT-RoPAU</subfield>
    <subfield code="c">IT-RoPAU</subfield>
  </datafield>
  <datafield tag="041" ind1=" " ind2=" ">
    <subfield code="a">ITALIANO</subfield>
  </datafield>
  <datafield tag="100" ind1=" " ind2=" ">
    <subfield code="a">Herzog Werner</subfield>
    <subfield code="g">Codice regista SPICS: 5495</subfield>
    <subfield code="9">50100</subfield>
  </datafield>
  <datafield tag="130" ind1=" " ind2=" ">
    <subfield code="a">FITZCARRALDO</subfield>
    <subfield code="9">50101</subfield>
  </datafield>
  <datafield tag="245" ind1=" " ind2=" ">
    <subfield code="a">FITZCARRALDO</subfield>
    <subfield code="c">Prodotto da: Herzog Stipetic -- Sceneggiatura: Werner Herzog -- Diretto da: Herzog Werner</subfield>
    <subfield code="p">FITZCARRALDO (Rif. Codice opera principale : G8088)</subfield>
  </datafield>
  <datafield tag="250" ind1=" " ind2=" ">
    <subfield code="a">Edizione Standard</subfield>
  </datafield>
  <datafield tag="260" ind1=" " ind2=" ">
    <subfield code="a">MUNCHEN (GERMANIA)</subfield>
    <subfield code="b">HERZOG WERNER FILM PRODUKTION / </subfield>
    <subfield code="g">"1982 (1&#xB0; ed.: 1982 ; Ed. Lingua Orig.: 1982)"</subfield>
  </datafield>
  <datafield tag="300" ind1=" " ind2=" ">
    <subfield code="a">VHS</subfield>
    <subfield code="b">sonoro, col.</subfield>
    <subfield code="c">123 minuti</subfield>
  </datafield>
  <datafield tag="508" ind1=" " ind2=" ">
    <subfield code="a">"Fotografia: Thomas Mauch; Montaggio: Beate Mainka Jelling; Musica: Vuh Popol; Sceneggiatura: Werner Herzog; Scenografia: V. Gierke Bergfelder; "</subfield>
  </datafield>
  <datafield tag="511" ind1=" " ind2=" ">
    <subfield code="a">"Klaus; Kinski; Claudia; Cardinale; Jose'; Lewgoy; Miguel; Angel; Fuentes; Hittscher"</subfield>
  </datafield>
  <datafield tag="520" ind1=" " ind2=" ">
    <subfield code="a">UN RICCO AVVENTURIERO HA UN SOGNO: COSTRUIRE UN GRANDE TEATRO LIRICO NELLAFORESTA AMAZZONICA, SUA TERRA D'ORIGINE, E INAUGURARLO INVITANDO ENRICO CARUSO. SCAMBIATO PER UN DIO DAGLI INDIOS, IN SFIDA PERPETUA CON UNA NATURA SELVAGGIA, DOPO AVER AFFRONTATO OSTACOLI DI OGNI TIPO, FITZCARRALDO RIUSCIRA' E REALIZZARE SOLO IN PARTE IL SUO SOGNO. METAFORA DELLA VITA DELL'UOMO NELLA SUA PIU' COMPLETA DOLOROSA INTENSITA'. FILM A COLORI. PREMIATO A CANNES1982 PER LA MIGLIOR REGIA. DISTRIBUZIONE AUDIOVISIVI SAN PAOLO.</subfield>
  </datafield>
  <datafield tag="538" ind1=" " ind2=" ">
    <subfield code="a">PAL, STEREO</subfield>
  </datafield>
  <datafield tag="546" ind1=" " ind2=" ">
    <subfield code="a">ITALIANO</subfield>
  </datafield>
  <datafield tag="650" ind1=" " ind2=" ">
    <subfield code="a">AVVENTURA</subfield>
    <subfield code="e">FILMS [VHS]</subfield>
    <subfield code="x">Codice MATERIA SPICS: 9960</subfield>
    <subfield code="9">50102</subfield>
  </datafield>
  <datafield tag="700" ind1=" " ind2=" ">
    <subfield code="a">Herzog Werner </subfield>
    <subfield code="e">(regista)</subfield>
    <subfield code="g">Codice regista SPICS: 5495</subfield>
    <subfield code="9">50103</subfield>
  </datafield>
  <datafield tag="700" ind1=" " ind2=" ">
    <subfield code="a">Vuh Popol</subfield>
    <subfield code="e">(musica)</subfield>
    <subfield code="g">Codice Musica SPICS: 30967</subfield>
    <subfield code="9">50104</subfield>
  </datafield>
  <datafield tag="942" ind1=" " ind2=" ">
    <subfield code="c">VH</subfield>
    <subfield code="2">ddc</subfield>
  </datafield>
  <datafield tag="999" ind1=" " ind2=" ">
    <subfield code="c">107041</subfield>
    <subfield code="d">107041</subfield>
  </datafield>
  <datafield tag="952" ind1=" " ind2=" ">
    <subfield code="0">0</subfield>
    <subfield code="1">0</subfield>
    <subfield code="4">0</subfield>
    <subfield code="6">G_8088_000000000000000</subfield>
    <subfield code="7">1</subfield>
    <subfield code="a">SPICS</subfield>
    <subfield code="b">SPICS</subfield>
    <subfield code="d">2015-01-31</subfield>
    <subfield code="l">0</subfield>
    <subfield code="o">G8088</subfield>
    <subfield code="r">2015-01-31 00:00:00</subfield>
    <subfield code="w">2015-01-31</subfield>
    <subfield code="y">VH</subfield>
    <subfield code="z">Progr. Ins.: 3025 / N.Vol.:1 / Copie: 1 / Pag.:0 / Copia rara: n.d. / date import: 1.2.2015 / By Epidotti, Trombetti, Vaglietti</subfield>
  </datafield>
</record>
